| 000 | 01130nam0a2200301 4500 | ||
|---|---|---|---|
| 001 | RU\NLR\bibl\1001291 | ||
| 005 | 20260406092534.0 | ||
| 010 |
_a5-7809-0045-0 _91000 |
||
| 021 |
_aRU _b2006-55549 _92752 |
||
| 035 | _a(NLR Aleph) 000989004 | ||
| 090 |
_a506878 _c506878 |
||
| 100 | _a20061026d2006 |||y0rusy50 ca | ||
| 101 | 0 | _arus | |
| 102 | _aRU | ||
| 105 | _ay ||||||||| | ||
| 200 | 1 |
_aВ сжимающемся пространстве _eпортрет на фоне безумной эпохи _fВячеслав Огрызко |
|
| 210 |
_aМосква _cЛитературная Россия _d2006 |
||
| 215 |
_a174, [1] с. _d23 |
||
| 320 | _aБиблиогр.: с. 161-174 | ||
| 600 | 1 |
_aАйпин _bЕ.Д. _f1948 _gЕремей Данилович _92241992 _3RU\NLR\auth\661345273 |
|
| 686 | _aШ5(2=Хан)7-4Айпин | ||
| 700 | 1 |
_4070 _8rus _7ca _aОгрызко _bВ. В. _f1960- _gВячеслав Вячеславович _3RU\NLR\auth\7763718 _946647 |
|
| 801 | 0 |
_aRU _bNLR _c20061026 _grcr |
|
| 801 | 1 |
_aRU _bNLR _c20061026 |
|
| 942 | _cBOOK | ||
| 980 | _aNB | ||